[Event "Online Olym Div2 A 2020"]
[Site "chess.com INT"]
[Date "2020.08.14"]
[Round "1.2"]
[Board "1"]
[White "Megaranto, Susanto"]
[Black "Atabayev, Yusup"]
[Result "1/2-1/2"]
[WhiteTitle "GM"]
[BlackTitle "IM"]
[WhiteElo "2550"]
[BlackElo "2415"]
[WhiteTeam "Indonesia"]
[BlackTeam "Turkmenistan"]
[WhiteFideId "7101384"]
[BlackFideId "14001128"]
[EventDate "2020.08.14"]
[EventType "team"]

1. d4 c5 2. d5 g6 3. c4 Bg7 4. Nf3 d6 5. e4 Nf6 6. Nc3 O-O 7. h3 e6 8. Bd3 exd5
9. cxd5 Re8 10. O-O Na6 11. Re1 Nc7 12. Bf4 b5 13. a3 a6 14. Qd2 Bb7 15. b4 c4
16. Bc2 Nh5 17. Bh2 a5 18. Nd4 axb4 19. axb4 Rxa1 20. Rxa1 Qf6 21. Rd1 Qxd4 22.
Qxd4 Bxd4 23. Rxd4 Rd8 24. e5 Na6 25. Nxb5 Nxb4 26. Rxc4 Nxc2 27. Nxd6 Bxd5 28.
Rxc2 Ra8 29. Rc8+ Rxc8 30. Nxc8 Be6 31. Nd6 Ng7 32. g4 h5 33. f3 hxg4 34. hxg4
Kf8 35. Bf4 Ne8 36. Ne4 Bd5 37. Nd2 f6 38. Kf2 Kf7 39. exf6 Nxf6 40. Be5 Nd7 41.
Bd4 Nf8 42. Ke3 Ne6 43. Be5 Ke7 44. Bg3 Kf7 45. Bh4 Ke8 46. Nb1 Kf7 47. Nc3 Bc6
48. Bg3 Ng5 49. f4 Nh7 50. Bh4 Nf8 51. Nd1 Ne6 52. Nf2 Nc5 53. Kd4 Nd7 54. Nh3
Nf8 55. Ng5+ Kg7 56. Nh3 Nd7 57. Bd8 Bf3 58. Nf2 Kf7 59. Ke3 Bc6 60. Nh3 Nf8 61.
Ng5+ Ke8 62. Bf6 Bd7 63. Kf3 Ne6 64. Nh3 Bc6+ 65. Ke3 Kf7 66. Be5 Bb7 67. Bd4
Bc8 68. Nf2 Bd7 69. Nd3 Be8 70. Ne5+ Ke7 71. Bc3 Nc7 72. Ke4 Ke6 73. Ba5 Na6 74.
Bb6 Nb8 75. Bd4 Nc6 76. Nf3 Bd7 77. f5+ gxf5+ 78. gxf5+ Ke7 79. f6+ Ke8 80. Ng5
Nd8 81. Kd5 Ba4 82. Bb6 Bb3+ 83. Ke4 Nf7 84. Nf3 Nd6+ 85. Kf4 Nf7 86. Nd4 Ba4
87. Kf5 Kf8 88. Bc5+ Kg8 89. Ke6 Bd1 90. Ke7 Bg4 91. Ke8 Bh5 92. Ke7 Bg4 93. Nc2
Ne5 94. Ne3 Bh5 95. Nf5 Ng6+ 96. Kd6 Nf4 97. Bd4 Kf7 98. Nh6+ Kf8 99. Ke5 Ng6+
100. Kf5 Nh8 101. Kg5 Bd1 102. Nf5 Nf7+ 103. Kf4 Bc2 104. Bc5+ Ke8 105. Ne3 Bb1
106. Nc4 Kd7 107. Nd2 Bd3 108. Bd4 Bc2 109. Nf3 Bb1 110. Bb2 Bc2 111. Nd2 Ke6
112. Bc3 Kd7 113. Nf3 Bb1 114. Nd4 Bd3 115. Ke3 Bb1 116. Bb4 Bg6 117. Kd2 Be4
118. Kc3 Bg6 119. Kc4 Ne5+ 120. Kd5 Ng4 121. Be7 Nxf6+ 122. Bxf6 Bf7+ 123. Kc5
Bg8 124. Be5 Bf7 125. Bh2 Bg8 126. Nf3 Ke6 127. Kd4 Kf5 128. Ne5 Ke6 129. Ng4
Bh7 130. Ke3 Kf5 131. Nh6+ Ke6 132. Bf4 Bg6 133. Kf3 Bh5+ 134. Kg3 Bd1 135. Kh4
Kf6 136. Ng4+ Bxg4 1/2-1/2

[Event "Online Olym Div2 A 2020"]
[Site "chess.com INT"]
[Date "2020.08.14"]
[Round "1.2"]
[Board "2"]
[White "Atabayev, Saparmyrat"]
[Black "Taher, Yoseph Theolifus"]
[Result "1/2-1/2"]
[WhiteTitle "IM"]
[BlackTitle "IM"]
[WhiteElo "2425"]
[BlackElo "2455"]
[WhiteTeam "Turkmenistan"]
[BlackTeam "Indonesia"]
[WhiteFideId "14000571"]
[BlackFideId "7105347"]
[EventDate "2020.08.14"]
[EventType "team"]

1. e4 c5 2. Nf3 a6 3. Nc3 e6 4. d4 cxd4 5. Nxd4 Qc7 6. Bd3 Nf6 7. O-O b5 8. Qe2
Bb7 9. e5 Nd5 10. Nxd5 Bxd5 11. Bf4 Nc6 12. Nxc6 Qxc6 13. f3 Be7 14. Rac1 Rc8
15. a4 bxa4 16. Kh1 Qb6 17. Ra1 Bc6 18. b3 axb3 19. Rxa6 Qd4 20. Bg3 bxc2 21.
Bxc2 Bd5 22. Rd1 Qc3 23. Bd3 O-O 24. Ra7 Rc7 25. Rxc7 Qxc7 26. Be4 Bxe4 27. Qxe4
Rc8 28. h3 h6 29. Kh2 Qc6 30. Qd3 Bf8 31. Qxd7 Qxd7 32. Rxd7 g6 33. f4 h5 34.
Bh4 Bh6 35. Rd4 Rb8 36. Bf6 Bg7 37. Bg5 Rb7 38. Rd3 Kh7 39. Kg3 Bh6 40. h4 Bxg5
41. hxg5 Kg7 42. Rd8 Rb3+ 43. Kf2 Rb2+ 44. Kf3 Rb3+ 45. Ke4 Rb2 46. g3 Rb3 47.
Rd3 Rb4+ 48. Rd4 Rb3 49. Rd3 Rb4+ 50. Rd4 Rb3 51. Rd3 1/2-1/2

[Event "Online Olym Div2 A 2020"]
[Site "chess.com INT"]
[Date "2020.08.14"]
[Round "1.2"]
[Board "5"]
[White "Tarigan, Gilbert Elroy"]
[Black "Nurmamedov, Azat"]
[Result "1/2-1/2"]
[WhiteTitle "IM"]
[BlackTitle "FM"]
[WhiteElo "2149"]
[BlackElo "2382"]
[WhiteTeam "Indonesia"]
[BlackTeam "Turkmenistan"]
[WhiteFideId "7108133"]
[BlackFideId "14003937"]
[EventDate "2020.08.14"]
[EventType "team"]

1. d4 Nf6 2. Nf3 d5 3. c4 e6 4. Nc3 Be7 5. Bf4 O-O 6. e3 c6 7. Bd3 dxc4 8. Bxc4
b5 9. Bd3 a6 10. O-O Nbd7 11. Ne5 Bb7 12. a4 b4 13. Ne4 c5 14. Nxd7 Qxd7 15.
Nxc5 Bxc5 16. dxc5 Rfd8 17. Bd6 Ne8 18. Be2 Nxd6 19. cxd6 Qxd6 20. Qxd6 Rxd6 21.
Rfd1 Rad8 22. Rxd6 Rxd6 23. Bf3 Bxf3 24. gxf3 Kf8 25. Rc1 Rd2 26. Rc6 a5 27. b3
Rd3 28. Rc5 Rd5 29. Rc7 Rd3 30. Rc5 Rxb3 31. Rxa5 Ra3 32. Ra7 g5 33. a5 h5 34.
Rb7 Rxa5 35. Rxb4 Kg7 36. Kg2 Kg6 37. h3 Ra2 38. f4 f6 39. fxg5 fxg5 40. Rb6 Kf6
41. Rb5 Rc2 42. Ra5 1/2-1/2

[Event "Online Olym Div2 A 2020"]
[Site "chess.com INT"]
[Date "2020.08.14"]
[Round "1.4"]
[Board "4"]
[White "Salimova, Nurgyul"]
[Black "Ziaziulkina, Nastassia"]
[Result "1/2-1/2"]
[WhiteTitle "IM"]
[BlackTitle "IM"]
[WhiteElo "2372"]
[BlackElo "2373"]
[WhiteTeam "Bulgaria"]
[BlackTeam "Belarus"]
[WhiteFideId "2915138"]
[BlackFideId "13505211"]
[EventDate "2020.08.14"]
[EventType "team"]

1. d4 d5 2. c4 c6 3. Nf3 Nf6 4. Nc3 e6 5. g3 dxc4 6. Bg2 c5 7. O-O Nc6 8. Qa4
Bd7 9. Qxc4 cxd4 10. Nxd4 Rc8 11. Nxc6 Bxc6 12. Bxc6+ Rxc6 13. Qa4 Bc5 14. Bg5
Qd4 15. Qb5 Qb4 16. Qd3 Qd4 17. Qb5 Qb4 18. Qd3 Qd4 19. Qb5 1/2-1/2

[Event "Online Olym Div2 A 2020"]
[Site "chess.com INT"]
[Date "2020.08.14"]
[Round "2.2"]
[Board "1"]
[White "Delchev, Aleksander"]
[Black "Lenaerts, Lennert"]
[Result "1/2-1/2"]
[WhiteTitle "GM"]
[BlackTitle "FM"]
[WhiteElo "2550"]
[BlackElo "2357"]
[WhiteTeam "Bulgaria"]
[BlackTeam "Belgium"]
[WhiteFideId "2900394"]
[BlackFideId "211435"]
[EventDate "2020.08.14"]
[EventType "team"]

1. d4 d5 2. c4 c6 3. Nc3 dxc4 4. e3 b5 5. a4 b4 6. Ne4 Qd5 7. Ng3 Nf6 8. Be2 e5
9. Nf3 exd4 10. Qxd4 Ba6 11. e4 Qxd4 12. Nxd4 Bc5 13. Be3 O-O 14. Ndf5 Bxe3 15.
Nxe3 Nbd7 16. Bxc4 Bxc4 17. Nxc4 Nc5 18. f3 Rfd8 19. Ke2 Rd4 20. Na5 Rad8 21.
Rhd1 Rxd1 22. Rxd1 Rxd1 23. Kxd1 Nxa4 24. Nxc6 Nxb2+ 25. Kc2 Nc4 26. Nf1 Nd7 27.
Kb3 Nce5 28. Nxa7 Nd3 29. Kc4 N7e5+ 30. Kd4 f6 31. Nc6 Nxc6+ 1/2-1/2

[Event "Online Olym Div2 A 2020"]
[Site "chess.com INT"]
[Date "2020.08.14"]
[Round "2.2"]
[Board "4"]
[White "Musabayeva, Diana"]
[Black "Salimova, Nurgyul"]
[Result "1/2-1/2"]
[BlackTitle "IM"]
[WhiteElo "1842"]
[BlackElo "2372"]
[WhiteTeam "Belgium"]
[BlackTeam "Bulgaria"]
[WhiteFideId "254720"]
[BlackFideId "2915138"]
[EventDate "2020.08.14"]
[EventType "team"]

1. e4 c6 2. d4 d5 3. e5 Bf5 4. h4 h5 5. Be2 g6 6. c4 e6 7. Nc3 Be7 8. Nf3 Nh6 9.
Bg5 Bg4 10. Rc1 Bxf3 11. Bxf3 Nf5 12. Bxe7 Nxe7 13. cxd5 exd5 14. O-O Nd7 15.
Re1 Nf8 16. g3 Ne6 17. Bg2 Nf5 18. Ne2 Qb6 19. Bh3 Nfg7 20. Qd2 O-O-O 21. Nf4
Kb8 22. Nxe6 Nxe6 23. Bxe6 fxe6 24. b3 Rdg8 25. Rc5 g5 26. hxg5 h4 27. Qa5 hxg3
28. fxg3 Rxg5 29. Qxb6 axb6 30. Rc3 Rg4 31. Rd1 Re4 32. Rd2 b5 33. Kg2 Rg8 34.
Rf3 Reg4 35. Kh3 Kc7 36. Rdd3 R4g7 37. Rf6 Kd7 38. Rdf3 Ke7 39. Kg2 Ra8 40. Rf2
b4 41. Rd2 b6 42. Rc2 Kd7 43. Kf3 Rag8 44. Rg2 c5 45. Rf4 Kc6 46. g4 c4 47. Rf6
Kd7 48. Kf4 c3 49. g5 Rh8 50. g6 Ke7 51. Kg5 Rc8 52. Rc2 Rh8 53. Rcf2 Rc8 54.
Rf7+ Rxf7 55. gxf7 c2 56. f8=Q+ Rxf8 57. Rxc2 Rg8+ 58. Kf4 Rf8+ 59. Ke3 Kd7 60.
Rf2 Rh8 61. Rf7+ Kc6 62. Rf6 Kd7 63. Rf7+ Kc6 64. Rf6 Rh3+ 65. Rf3 Rh4 66. Rf4
Rh3+ 67. Rf3 Rh4 68. Rf6 Kd7 69. Rf7+ Kc6 70. Rf4 Rh3+ 71. Rf3 1/2-1/2

[Event "Online Olym Div2 A 2020"]
[Site "chess.com INT"]
[Date "2020.08.14"]
[Round "2.2"]
[Board "5"]
[White "Yordanov, Lachezar"]
[Black "De Waele, Warre"]
[Result "1/2-1/2"]
[WhiteTitle "FM"]
[BlackTitle "FM"]
[WhiteElo "2319"]
[BlackElo "2238"]
[WhiteTeam "Bulgaria"]
[BlackTeam "Belgium"]
[WhiteFideId "2918927"]
[BlackFideId "241156"]
[EventDate "2020.08.14"]
[EventType "team"]

1. d4 Nf6 2. Bf4 d5 3. e3 c5 4. dxc5 e6 5. Nf3 Bxc5 6. Nbd2 O-O 7. Bd3 Nc6 8.
O-O Re8 9. Ne5 Nxe5 10. Bxe5 Bd6 11. Bxd6 Qxd6 12. c4 b6 13. cxd5 Qxd5 14. Be2
Bb7 15. Bf3 Qd7 16. Bxb7 Qxb7 17. Nf3 Rac8 1/2-1/2

[Event "Online Olym Div2 A 2020"]
[Site "chess.com INT"]
[Date "2020.08.14"]
[Round "2.3"]
[Board "1"]
[White "Murshed, Niaz"]
[Black "Aleksandrov, Aleksej"]
[Result "1/2-1/2"]
[WhiteTitle "GM"]
[BlackTitle "GM"]
[WhiteElo "2404"]
[BlackElo "2608"]
[WhiteTeam "Bangladesh"]
[BlackTeam "Belarus"]
[WhiteFideId "10200010"]
[BlackFideId "13500139"]
[EventDate "2020.08.14"]
[EventType "team"]

1. d4 Nf6 2. c4 e6 3. Nf3 d5 4. Nc3 Bb4 5. cxd5 exd5 6. Qa4+ Nc6 7. Bg5 h6 8.
Bxf6 Qxf6 9. e3 O-O 10. Be2 Be6 11. O-O a6 12. Qc2 Bd6 13. Rfd1 Kh8 14. a3 Ne7
15. e4 dxe4 16. Nxe4 Bf5 17. Bd3 Bxe4 18. Bxe4 c6 19. d5 cxd5 20. Bxd5 Nxd5 1/2-1/2

[Event "Online Olym Div2 A 2020"]
[Site "chess.com INT"]
[Date "2020.08.14"]
[Round "2.3"]
[Board "2"]
[White "Stupak, Kirill"]
[Black "Reefat, Bin-Sattar"]
[Result "1/2-1/2"]
[WhiteTitle "GM"]
[BlackTitle "GM"]
[WhiteElo "2520"]
[BlackElo "2409"]
[WhiteTeam "Belarus"]
[BlackTeam "Bangladesh"]
[WhiteFideId "13503758"]
[BlackFideId "10200207"]
[EventDate "2020.08.14"]
[EventType "team"]

1. d4 e6 2. g3 c5 3. Nf3 b5 4. Bg2 Bb7 5. O-O Nf6 6. Na3 Qb6 7. c4 b4 8. Nc2 Be7
9. Be3 d6 10. a3 b3 11. Nce1 Ng4 12. Bc1 Nc6 13. h3 Nf6 14. Be3 O-O 15. dxc5
dxc5 16. Nd2 Na5 17. Bxb7 Qxb7 18. Nd3 Rac8 19. Qc1 Ne4 20. Kh2 Rfd8 21. f3 Nxd2
22. Bxd2 Nc6 23. Bc3 Nd4 24. Qd2 Qa6 25. Rac1 Rd7 26. Bxd4 Rxd4 27. Qc3 Qb7 28.
Qa5 h5 29. h4 Bd6 30. Kh3 Qe7 31. Qc3 Rd8 32. Rh1 Qf6 33. Kg2 Qg6 34. Rh3 Rxh4
35. Rch1 Rxh3 36. Rxh3 Rb8 37. Qd2 e5 38. Nf2 Be7 39. Qd3 a5 40. Qxg6 fxg6 41.
Rh1 Rd8 42. Rd1 Rd4 43. Rxd4 exd4 44. a4 Kf7 45. Nd3 Ke6 46. Nc1 Bd8 47. Nxb3
Bb6 48. Nd2 Bd8 49. Nb3 Bb6 50. Nd2 Bd8 51. Ne4 Be7 52. Nf2 Bd6 53. Nd3 Be7 54.
Kh3 g5 55. Nc1 Bd8 56. Nb3 Bb6 57. Nd2 Bd8 58. Ne4 Be7 59. Nf2 Bd6 60. Kg2 Kf5
61. Ne4 Be7 62. Nd2 Bd8 63. Nb3 Bb6 64. Nc1 Bc7 65. Nb3 Bb6 66. Nc1 Bc7 67. Nb3
Bb6 1/2-1/2

[Event "Online Olym Div2 A 2020"]
[Site "chess.com INT"]
[Date "2020.08.14"]
[Round "2.5"]
[Board "3"]
[White "Frayna, Janelle Mae"]
[Black "Sukandar, Irine Kharisma"]
[Result "1/2-1/2"]
[WhiteTitle "WGM"]
[BlackTitle "IM"]
[WhiteElo "2179"]
[BlackElo "2413"]
[WhiteTeam "Philippines"]
[BlackTeam "Indonesia"]
[WhiteFideId "5212499"]
[BlackFideId "7101937"]
[EventDate "2020.08.14"]
[EventType "team"]

1. Nf3 Nf6 2. c4 e6 3. g3 d5 4. d4 dxc4 5. Qa4+ Bd7 6. Qxc4 Bc6 7. Bg2 Bd5 8.
Qc2 Be4 9. Qa4+ Bc6 10. Qc2 Be4 11. Qa4+ Bc6 12. Qc2 Be4 1/2-1/2

[Event "Online Olym Div2 A 2020"]
[Site "chess.com INT"]
[Date "2020.08.14"]
[Round "2.5"]
[Board "6"]
[White "Fisabilillah, Ummi"]
[Black "Mordido, Kylen Joy"]
[Result "1/2-1/2"]
[WhiteTitle "WIM"]
[BlackTitle "WIM"]
[WhiteElo "2159"]
[BlackElo "2014"]
[WhiteTeam "Indonesia"]
[BlackTeam "Philippines"]
[WhiteFideId "7104804"]
[BlackFideId "5219086"]
[EventDate "2020.08.14"]
[EventType "team"]

1. e4 c5 2. Nf3 e6 3. d3 Nc6 4. g3 d6 5. Nbd2 g6 6. Bg2 Bg7 7. O-O Nge7 8. Re1
O-O 9. Nf1 e5 10. c3 d5 11. exd5 Nxd5 12. Ne3 Nxe3 13. Bxe3 Qd6 14. Ng5 b6 15.
Ne4 Qc7 16. Qf3 Bb7 17. Qd1 Rad8 18. Qc2 Ne7 19. Rad1 Nf5 20. Bc1 Qb8 21. h4 Nd6
22. Qe2 f5 23. Ng5 Bxg2 24. Kxg2 Qb7+ 25. Kg1 Rde8 26. Qf3 Qxf3 27. Nxf3 Nf7 28.
Kg2 Rd8 29. Ng5 Nxg5 30. hxg5 Rd7 31. Kf3 Rfd8 32. Ke2 Bf8 33. Rh1 b5 34. Be3 a6
35. Rh4 c4 36. d4 e4 37. g4 Bd6 38. gxf5 gxf5 39. Rg1 Rg7 40. Bf4 Bxf4 41. Rxf4
Rd5 42. Ke3 Rg6 43. Rg3 a5 44. Rh4 Rg7 45. Rh6 Rg6 46. Kf4 Kg7 47. Rgh3 Rxh6 48.
Rxh6 b4 49. Rc6 bxc3 50. bxc3 Rb5 51. Rxc4 Rb2 52. Kxf5 Rxf2+ 53. Kxe4 Rxa2 54.
Rc5 a4 55. Kd3 Kg6 56. Kc4 a3 57. Kb3 Rg2 58. Kxa3 Rxg5 59. Rc6+ Kg7 60. c4 h5
61. Re6 Rg4 62. Re5 h4 63. Rh5 Kg6 64. Rh8 Rxd4 65. Kb4 Kg5 66. Kb5 Kg4 67. c5
Rd1 68. c6 Rb1+ 69. Kc5 Rc1+ 70. Kd6 h3 71. c7 Kg3 72. c8=Q Rxc8 73. Rxc8 h2 74.
Rg8+ Kf2 75. Rh8 Kg2 76. Rg8+ Kf2 77. Rh8 Kg2 78. Rg8+ Kf2 1/2-1/2

[Event "Online Olym Div2 A 2020"]
[Site "chess.com INT"]
[Date "2020.08.14"]
[Round "3.3"]
[Board "1"]
[White "Kovalev, Vladislav"]
[Black "Atabayev, Yusup"]
[Result "1/2-1/2"]
[WhiteTitle "GM"]
[BlackTitle "IM"]
[WhiteElo "2648"]
[BlackElo "2415"]
[WhiteTeam "Belarus"]
[BlackTeam "Turkmenistan"]
[WhiteFideId "13504398"]
[BlackFideId "14001128"]
[EventDate "2020.08.14"]
[EventType "team"]

1. e4 c5 2. Be2 g6 3. f4 Bg7 4. Nf3 Nc6 5. d3 e6 6. c3 d5 7. O-O Nge7 8. Be3 b6
9. Qc2 O-O 10. Nbd2 Ba6 11. e5 Qd7 12. Nb3 Rfd8 13. Bf2 h5 14. Rfe1 Nf5 15. Nh4
Re8 16. Nxf5 exf5 17. Bf3 Nd8 18. d4 c4 19. Nd2 Ne6 20. g3 Bb7 21. a4 a6 22. b3
b5 23. Reb1 Bc6 24. axb5 axb5 25. Nf1 Rxa1 26. Rxa1 Ra8 27. Rxa8+ Bxa8 28. Ne3
Bc6 29. bxc4 bxc4 30. Qb2 Nc7 31. Qb8+ Bf8 32. Qa7 Kg7 33. h3 Be7 34. g4 hxg4
35. hxg4 fxg4 36. Bxg4 Ne6 37. Qxd7 Bxd7 38. Bg3 Ba3 39. Nxd5 Nxf4 40. Bf3 Nxd5
41. Bxd5 Bb2 42. Be1 Bb5 43. Kf2 f6 44. Kf3 g5 45. Bd2 Kg6 46. exf6 Kxf6 47. Be4
Bd7 48. Bd5 Bb5 49. Be4 Bd7 50. Bd5 Bb5 1/2-1/2

[Event "Online Olym Div2 A 2020"]
[Site "chess.com INT"]
[Date "2020.08.14"]
[Round "3.3"]
[Board "4"]
[White "Hallaeva, Bahar"]
[Black "Ilyuchyk, Yana"]
[Result "1/2-1/2"]
[WhiteTitle "WFM"]
[BlackTitle "WFM"]
[WhiteElo "2166"]
[BlackElo "2119"]
[WhiteTeam "Turkmenistan"]
[BlackTeam "Belarus"]
[WhiteFideId "14000679"]
[BlackFideId "13508407"]
[EventDate "2020.08.14"]
[EventType "team"]

1. e4 c5 2. c3 d5 3. exd5 Qxd5 4. d4 Nf6 5. Nf3 e6 6. Bd3 Nc6 7. O-O Be7 8. Be3
cxd4 9. cxd4 O-O 10. Nc3 Qd6 11. Qe2 b6 12. a3 Bb7 13. Rfd1 Rac8 14. Rac1 Rfd8
15. h3 Qb8 16. Bb1 Na5 17. Ba2 Bxf3 18. Qxf3 Nc4 19. d5 Nxe3 20. Qxe3 Bc5 21.
Qf3 e5 22. b4 Bd6 23. Ne4 Nxe4 24. Qxe4 a5 25. Rc6 axb4 26. axb4 Qb7 27. Rdc1
Ra8 28. Bb1 g6 29. b5 Ra5 30. Qc4 Bc5 31. Bd3 Qe7 32. Qe4 Ra2 33. Rc2 Ra1+ 34.
Kh2 f5 35. Qc4 e4 36. d6+ Qf7 37. Qxf7+ Kxf7 38. Bc4+ Kf8 39. Rd2 e3 40. fxe3
Bxe3 41. Rd3 Bf4+ 42. g3 Be5 43. Rd2 Ra3 44. Rd3 Ra4 45. d7 Ke7 46. Re6+ Kf8 47.
Rxe5 Rxc4 48. Re6 Rc7 49. Rf6+ Ke7 50. Rxb6 Rdxd7 51. Re3+ Kf7 52. Re2 Rb7 53.
Rxb7 Rxb7 54. Re5 Kf6 55. Rc5 Ke6 56. Kg2 Kd6 57. Rc6+ Kd7 58. Rc5 Kd6 59. Rc6+
Kd5 60. Rc8 Rxb5 61. Rc7 h6 62. Rh7 h5 63. h4 Ke5 64. Re7+ Kf6 65. Rc7 Rb4 66.
Rc6+ Kf7 67. Rc7+ Kg8 68. Kf3 Re4 69. Ra7 Kf8 70. Rb7 Re7 71. Rb6 Kf7 72. Ra6
Re6 73. Ra5 Kf6 74. Rb5 Ra6 75. Rb8 Ke5 76. Rb5+ Ke6 77. Kf4 Ra4+ 78. Kf3 Rd4
79. Ra5 Rd6 80. Ra3 Kf6 81. Ra8 Rd7 82. Ra6+ Kf7 83. Kf4 Rd4+ 84. Kf3 Rg4 85.
Rb6 Re4 86. Ra6 Re6 87. Ra7+ Kf6 88. Ra5 g5 89. hxg5+ Kxg5 90. Ra4 Rb6 91. Rc4
Rb3+ 92. Kf2 Rd3 93. Ra4 Rd8 94. Kf3 Re8 95. Rb4 Re6 96. Ra4 Re4 97. Ra5 Rb4 98.
Ra8 Rb3+ 99. Kg2 Kf6 100. Ra4 Rc3 101. Rh4 Kg5 102. Ra4 Re3 103. Ra8 Re6 104.
Kf3 Rb6 105. Ra3 Rb4 106. Rc3 Ra4 107. Rb3 h4 108. gxh4+ Rxh4 109. Kf2 Rh2+ 110.
Kg1 Rc2 111. Kf1 Kg4 112. Ra3 f4 113. Rb3 Ra2 114. Rc3 Kf5 115. Rb3 Ke4 116. Rc3
Rd2 117. Ra3 Kf5 118. Rb3 Kg4 119. Ra3 f3 120. Ra8 Rd1+ 121. Kf2 Rd2+ 122. Kf1
Kg3 123. Rg8+ Kf4 124. Rf8+ Ke3 125. Re8+ Kf4 126. Rf8+ Ke3 127. Re8+ Kf4 128.
Rf8+ 1/2-1/2

[Event "Online Olym Div2 A 2020"]
[Site "chess.com INT"]
[Date "2020.08.14"]
[Round "3.3"]
[Board "5"]
[White "Lazavik, Denis"]
[Black "Nurmamedov, Azat"]
[Result "1/2-1/2"]
[WhiteTitle "FM"]
[BlackTitle "FM"]
[WhiteElo "2424"]
[BlackElo "2382"]
[WhiteTeam "Belarus"]
[BlackTeam "Turkmenistan"]
[WhiteFideId "13515110"]
[BlackFideId "14003937"]
[EventDate "2020.08.14"]
[EventType "team"]

1. d4 Nf6 2. c4 g6 3. g3 Bg7 4. Bg2 O-O 5. Nc3 c5 6. Nf3 cxd4 7. Nxd4 Nc6 8. O-O
d6 9. Nxc6 bxc6 10. Bxc6 Rb8 11. Bg2 Qa5 12. Nb5 Bd7 13. Bd2 Qd8 14. Bc3 Bxb5
15. cxb5 Rxb5 16. Qa4 Qb6 17. Rac1 Nh5 18. b3 Bxc3 19. Rxc3 Qa5 20. Qxa5 Rxa5
21. Rc2 Ng7 22. Rd1 Rb8 23. Bd5 Ne6 24. Bxe6 fxe6 25. Rc7 Kf8 26. Rd2 e5 27.
Rdc2 Kf7 28. Rd7 Re8 29. a4 Ra6 30. Rcc7 Rb6 31. Rxa7 Rxb3 32. a5 Ra3 33. a6 Ra2
34. Kf1 Ke6 35. Rdc7 Ra1+ 36. Kg2 Ra2 37. e4 Kf6 38. h4 h5 39. Rcb7 Ke6 40. Rc7
Kf6 41. Rc3 Rb8 42. Rb7 Ra8 43. Rcc7 R2xa6 44. Rxe7 Rf8 45. Rec7 Ke6 46. Rc2 Ra4
47. Re2 Rc8 48. Rg7 Kf6 49. Rd7 Ke6 50. Rg7 Kf6 51. Rd7 Ke6 52. Rg7 1/2-1/2

[Event "Online Olym Div2 A 2020"]
[Site "chess.com INT"]
[Date "2020.08.14"]
[Round "3.4"]
[Board "1"]
[White "Lenaerts, Lennert"]
[Black "Murshed, Niaz"]
[Result "1/2-1/2"]
[WhiteTitle "FM"]
[BlackTitle "GM"]
[WhiteElo "2357"]
[BlackElo "2404"]
[WhiteTeam "Belgium"]
[BlackTeam "Bangladesh"]
[WhiteFideId "211435"]
[BlackFideId "10200010"]
[EventDate "2020.08.14"]
[EventType "team"]

1. d4 d5 2. c4 e6 3. Nc3 Bb4 4. cxd5 exd5 5. Nf3 Nf6 6. Bf4 c6 7. Qb3 Qb6 8. Qc2
Ne4 9. e3 Qa5 10. Rc1 Qxa2 11. Bd3 Nxc3 12. O-O Qa4 13. bxc3 Qxc2 14. Rxc2 Be7
15. e4 dxe4 16. Bxe4 Nd7 17. c4 Nf6 18. Bd3 O-O 19. Rb1 b6 20. Ra2 Be6 21. Rba1
a5 22. Rb2 Bb4 23. Bd2 Bxd2 24. Nxd2 Rfb8 25. Rab1 b5 26. cxb5 cxb5 27. Rxb5
Rxb5 28. Bxb5 Nd5 29. Ra1 Kf8 30. Nc4 Nc3 31. Bc6 Ra6 32. Nxa5 Ne2+ 33. Kh1 Nxd4
34. Be4 f5 35. Bd3 Ra7 36. Nb3 Rxa1+ 37. Nxa1 Ke7 38. Nc2 Nxc2 39. Bxc2 Kf6 40.
f4 1/2-1/2

[Event "Online Olym Div2 A 2020"]
[Site "chess.com INT"]
[Date "2020.08.14"]
[Round "3.5"]
[Board "3"]
[White "Zhang, Jilin"]
[Black "Stefanova, Antoaneta"]
[Result "1/2-1/2"]
[WhiteTitle "WGM"]
[BlackTitle "GM"]
[WhiteElo "2245"]
[BlackElo "2462"]
[WhiteTeam "Australia"]
[BlackTeam "Bulgaria"]
[WhiteFideId "8602867"]
[BlackFideId "2902257"]
[EventDate "2020.08.14"]
[EventType "team"]

1. e4 e5 2. Nf3 Nc6 3. Nc3 Nf6 4. d4 exd4 5. Nxd4 Bb4 6. Nxc6 bxc6 7. Bd3 O-O 8.
O-O d5 9. exd5 cxd5 10. h3 c6 11. Qf3 Bd6 12. Bf4 Rb8 13. b3 Rb4 14. Bxd6 Qxd6
15. Qg3 Qxg3 16. fxg3 Be6 17. a3 Rb7 18. Ne2 c5 19. Nf4 Bd7 20. Rad1 Bc6 21.
Rfe1 a5 22. Ba6 Ra7 23. Be2 a4 24. bxa4 Rxa4 25. Bf3 Rxa3 26. Bxd5 Bxd5 27. Nxd5
Rxg3 28. Nxf6+ gxf6 29. Rd3 Rxd3 30. cxd3 Rd8 31. Rc1 Rd5 32. Kf2 Rxd3 33. Rxc5
Kg7 34. Ra5 Kg6 35. Rb5 h5 36. Ra5 f5 37. Rb5 Kg5 38. Ra5 Rd2+ 39. Kf3 Rd3+ 40.
Kf2 Rb3 41. Ra7 Kg6 42. Ra6+ f6 43. Ra8 f4 44. Rg8+ Kf5 45. Rh8 Kg5 46. Rg8+ Kf5
47. Rh8 Ke4 48. Re8+ Kf5 1/2-1/2

[Event "Online Olym Div2 A 2020"]
[Site "chess.com INT"]
[Date "2020.08.14"]
[Round "3.5"]
[Board "5"]
[White "Kuybokarov, Temur"]
[Black "Petrov, Martin"]
[Result "1/2-1/2"]
[WhiteTitle "GM"]
[BlackTitle "IM"]
[WhiteElo "2530"]
[BlackElo "2525"]
[WhiteTeam "Australia"]
[BlackTeam "Bulgaria"]
[WhiteFideId "14203049"]
[BlackFideId "2911086"]
[EventDate "2020.08.14"]
[EventType "team"]

1. e4 c5 2. Nf3 d6 3. Bb5+ Nd7 4. d4 cxd4 5. Qxd4 a6 6. Be2 Ngf6 7. O-O e6 8.
Nbd2 Qc7 9. a4 Be7 10. Nc4 O-O 11. a5 e5 12. Qe3 d5 13. exd5 Nxd5 14. Qe4 Nb4
15. Nfxe5 Nf6 16. Qf4 Nxc2 17. Ng6 Qd8 18. Nxf8 Nxa1 19. Nb6 Bd6 20. Qh4 Bxf8
21. Nxa8 Nb3 22. Nb6 Be6 23. Bc4 Nxc1 24. Rxc1 Qd2 25. Rf1 Qxa5 26. Bxe6 Qxb6
27. Ba2 Qxb2 28. Qc4 Kh8 29. Qxf7 Bc5 30. Bd5 b5 31. Qc7 Bxf2+ 32. Kh1 h5 33.
Qc8+ Kh7 34. Be6 Qe2 35. Rb1 Bd4 36. Bf5+ g6 37. Qc7+ Kh8 38. Bxg6 Qe3 39. Qf7
Qh6 40. Bf5 Qg7 41. Qe6 Qc7 42. Rd1 Kg7 43. Qxa6 Be5 44. h3 b4 45. Qe6 h4 46.
Re1 Bd6 47. Bb1 Qc3 48. Rf1 Be5 49. Qf5 Qg3 50. Kg1 Bd4+ 51. Kh1 Be5 52. Kg1
Bd4+ 53. Kh1 Be5 1/2-1/2

[Event "Online Olym Div2 A 2020"]
[Site "chess.com INT"]
[Date "2020.08.15"]
[Round "4.3"]
[Board "1"]
[White "Atabayev, Yusup"]
[Black "Michiels, Bart"]
[Result "1/2-1/2"]
[WhiteTitle "IM"]
[BlackTitle "GM"]
[WhiteElo "2415"]
[BlackElo "2567"]
[WhiteTeam "Turkmenistan"]
[BlackTeam "Belgium"]
[WhiteFideId "14001128"]
[BlackFideId "202967"]
[EventDate "2020.08.14"]
[EventType "team"]

1. e4 d6 2. d4 Nf6 3. Nc3 e5 4. Nf3 Nbd7 5. Bc4 Be7 6. O-O O-O 7. h3 a6 8. a4 b6
9. Re1 Bb7 10. Bg5 h6 11. Bh4 Nxe4 12. Bxe7 Nxc3 13. Bxd8 Nxd1 14. Bxc7 Rfc8 15.
Raxd1 Rxc7 16. Bb3 Kf8 17. dxe5 Bxf3 18. gxf3 Nxe5 19. Kg2 Nc4 20. Re4 Rac8 21.
Bxc4 Rxc4 22. Rxc4 Rxc4 23. Rxd6 Rxc2 24. Rxb6 a5 25. Rb7 g5 26. Rb5 Kg7 27.
Rxa5 Rxb2 28. Ra8 Kg6 29. a5 Ra2 30. a6 Kf5 31. a7 f6 32. Kg3 Ra4 33. Rh8 Rxa7
34. Rxh6 Ra4 35. Rh8 Rb4 36. Rc8 Ra4 37. Rc5+ Kg6 38. Rb5 Rc4 39. Ra5 Rb4 40.
Rc5 Ra4 41. Rb5 Rc4 42. Ra5 Rb4 43. Rc5 Ra4 1/2-1/2